<?xml version="1.0" encoding="UTF-8"?>
<record
    xmlns:xsi="http://www.w3.org/2001/XMLSchema-instance"
    xsi:schemaLocation="http://www.loc.gov/MARC21/slim http://www.loc.gov/standards/marcxml/schema/MARC21slim.xsd"
    xmlns="http://www.loc.gov/MARC21/slim">

  <leader>02765nam2a2200313   4500</leader>
  <controlfield tag="001">RU\NLR\BIBL_A\011959536</controlfield>
  <controlfield tag="005">20190403121128.0</controlfield>
  <datafield tag="021" ind1=" " ind2=" ">
    <subfield code="a">RU</subfield>
    <subfield code="b">&#x41A;&#x41D;-&#x41F;-19-007628</subfield>
    <subfield code="9">&#x41A;&#x41D;-&#x41F;-19-0570</subfield>
  </datafield>
  <datafield tag="035" ind1=" " ind2=" ">
    <subfield code="a">(NLR Aleph) 011959536</subfield>
  </datafield>
  <datafield tag="035" ind1=" " ind2=" ">
    <subfield code="a">(RuMoRGB)009886531</subfield>
  </datafield>
  <datafield tag="090" ind1=" " ind2=" ">
    <subfield code="a">11195884</subfield>
    <subfield code="c">11195884</subfield>
  </datafield>
  <datafield tag="100" ind1=" " ind2=" ">
    <subfield code="a">20190313d2018    k  y0rusy50      ca</subfield>
  </datafield>
  <datafield tag="101" ind1="0" ind2=" ">
    <subfield code="a">rus</subfield>
  </datafield>
  <datafield tag="102" ind1=" " ind2=" ">
    <subfield code="a">RU</subfield>
  </datafield>
  <datafield tag="105" ind1=" " ind2=" ">
    <subfield code="a">ach z   100zy</subfield>
  </datafield>
  <datafield tag="200" ind1="0" ind2=" ">
    <subfield code="a">&#x422;. 56</subfield>
    <subfield code="e">[&#x43C;&#x430;&#x442;&#x435;&#x440;&#x438;&#x430;&#x43B;&#x44B; XIX &#x43E;&#x431;&#x43B;&#x430;&#x441;&#x442;&#x43D;&#x43E;&#x439; &#x43D;&#x430;&#x443;&#x447;&#x43D;&#x43E;&#x439; &#x43A;&#x43E;&#x43D;&#x444;&#x435;&#x440;&#x435;&#x43D;&#x446;&#x438;&#x438; "&#x420;&#x44F;&#x437;&#x430;&#x43D;&#x441;&#x43A;&#x438;&#x439; &#x43A;&#x440;&#x430;&#x439;: &#x438;&#x441;&#x442;&#x43E;&#x440;&#x438;&#x44F;, &#x43B;&#x44E;&#x434;&#x438;, &#x441;&#x43E;&#x431;&#x44B;&#x442;&#x438;&#x44F;", &#x43F;&#x440;&#x43E;&#x445;&#x43E;&#x434;&#x438;&#x432;&#x448;&#x435;&#x439; &#x432; &#x43C;&#x430;&#x435; 2017 &#x433;. &#x432; &#x440;&#x430;&#x43C;&#x43A;&#x430;&#x445; &#x43F;&#x440;&#x430;&#x437;&#x434;&#x43D;&#x438;&#x43A;&#x430; "&#x414;&#x43D;&#x438; &#x441;&#x43B;&#x430;&#x432;&#x44F;&#x43D;&#x441;&#x43A;&#x43E;&#x439; &#x43F;&#x438;&#x441;&#x44C;&#x43C;&#x435;&#x43D;&#x43D;&#x43E;&#x441;&#x442;&#x438; &#x438; &#x43A;&#x443;&#x43B;&#x44C;&#x442;&#x443;&#x440;&#x44B;"]</subfield>
    <subfield code="f">&#x41D;&#x430;&#x443;&#x447;&#x43D;&#x43E;-&#x438;&#x441;&#x441;&#x43B;&#x435;&#x434;&#x43E;&#x432;&#x430;&#x442;&#x435;&#x43B;&#x44C;&#x441;&#x43A;&#x430;&#x44F; &#x43B;&#x430;&#x431;&#x43E;&#x440;&#x430;&#x442;&#x43E;&#x440;&#x438;&#x44F; &#x442;&#x435;&#x43E;&#x440;&#x438;&#x438;, &#x43F;&#x440;&#x430;&#x43A;&#x442;&#x438;&#x43A;&#x438; &#x438; &#x43C;&#x435;&#x442;&#x43E;&#x434;&#x438;&#x43A;&#x438; &#x43A;&#x440;&#x430;&#x435;&#x432;&#x435;&#x434;&#x435;&#x43D;&#x438;&#x44F; &#x432; &#x43E;&#x431;&#x440;&#x430;&#x437;&#x43E;&#x432;&#x430;&#x442;&#x435;&#x43B;&#x44C;&#x43D;&#x44B;&#x445; &#x43E;&#x440;&#x433;&#x430;&#x43D;&#x438;&#x437;&#x430;&#x446;&#x438;&#x44F;&#x445;, &#x41E;&#x431;&#x43B;&#x430;&#x441;&#x442;&#x43D;&#x43E;&#x435; &#x433;&#x43E;&#x441;&#x443;&#x434;&#x430;&#x440;&#x441;&#x442;&#x432;&#x435;&#x43D;&#x43D;&#x43E;&#x435; &#x431;&#x44E;&#x434;&#x436;&#x435;&#x442;&#x43D;&#x43E;&#x435; &#x443;&#x447;&#x440;&#x435;&#x436;&#x434;&#x435;&#x43D;&#x438;&#x435; &#x434;&#x43E;&#x43F;&#x43E;&#x43B;&#x43D;&#x438;&#x442;&#x435;&#x43B;&#x44C;&#x43D;&#x43E;&#x433;&#x43E; &#x43F;&#x440;&#x43E;&#x444;&#x435;&#x441;&#x441;&#x438;&#x43E;&#x43D;&#x430;&#x43B;&#x44C;&#x43D;&#x43E;&#x433;&#x43E; &#x43E;&#x431;&#x440;&#x430;&#x437;&#x43E;&#x432;&#x430;&#x43D;&#x438;&#x44F; "&#x420;&#x44F;&#x437;&#x430;&#x43D;&#x441;&#x43A;&#x438;&#x439; &#x438;&#x43D;&#x441;&#x442;&#x438;&#x442;&#x443;&#x442; &#x440;&#x430;&#x437;&#x432;&#x438;&#x442;&#x438;&#x44F; &#x43E;&#x431;&#x440;&#x430;&#x437;&#x43E;&#x432;&#x430;&#x43D;&#x438;&#x44F;"</subfield>
    <subfield code="g">[&#x440;&#x435;&#x434;&#x430;&#x43A;&#x446;&#x438;&#x43E;&#x43D;&#x43D;&#x430;&#x44F; &#x43A;&#x43E;&#x43B;&#x43B;&#x435;&#x433;&#x438;&#x44F;: &#x411;. &#x412;. &#x413;&#x43E;&#x440;&#x431;&#x443;&#x43D;&#x43E;&#x432; (&#x433;&#x43B;. &#x440;&#x435;&#x434;.) &#x438; &#x434;&#x440;.]</subfield>
  </datafield>
  <datafield tag="210" ind1=" " ind2=" ">
    <subfield code="d">2018</subfield>
  </datafield>
  <datafield tag="215" ind1=" " ind2=" ">
    <subfield code="a">329 &#x441;.</subfield>
    <subfield code="c">&#x438;&#x43B;., &#x43F;&#x43E;&#x440;&#x442;&#x440;., &#x442;&#x430;&#x431;&#x43B;., &#x444;&#x430;&#x43A;&#x441;.</subfield>
  </datafield>
  <datafield tag="320" ind1=" " ind2=" ">
    <subfield code="a">&#x411;&#x438;&#x431;&#x43B;&#x438;&#x43E;&#x433;&#x440;. &#x432; &#x43A;&#x43E;&#x43D;&#x446;&#x435; &#x441;&#x442;. &#x438; &#x432; &#x43F;&#x43E;&#x434;&#x441;&#x442;&#x440;&#x43E;&#x447;. &#x43F;&#x440;&#x438;&#x43C;&#x435;&#x447;.</subfield>
  </datafield>
  <datafield tag="461" ind1=" " ind2="0">
    <subfield code="1">001RU\NLR\bibl\175542</subfield>
    <subfield code="1">2001#$a&#x41C;&#x430;&#x442;&#x435;&#x440;&#x438;&#x430;&#x43B;&#x44B; &#x438; &#x438;&#x441;&#x441;&#x43B;&#x435;&#x434;&#x43E;&#x432;&#x430;&#x43D;&#x438;&#x44F; &#x43F;&#x43E; &#x440;&#x44F;&#x437;&#x430;&#x43D;&#x441;&#x43A;&#x43E;&#x43C;&#x443; &#x43A;&#x440;&#x430;&#x435;&#x432;&#x435;&#x434;&#x435;&#x43D;&#x438;&#x44E;$e[&#x421;&#x431;. &#x43D;&#x430;&#x443;&#x447;. &#x440;&#x430;&#x431;&#x43E;&#x442;]$f&#x420;&#x44F;&#x437;. &#x43E;&#x431;&#x43B;. &#x438;&#x43D;-&#x442; &#x440;&#x430;&#x437;&#x432;&#x438;&#x442;&#x438;&#x44F; &#x43E;&#x431;&#x440;&#x430;&#x437;&#x43E;&#x432;&#x430;&#x43D;&#x438;&#x44F;$g[&#x420;&#x435;&#x434;&#x43A;&#x43E;&#x43B;.: &#x41F;.&#x412;. &#x410;&#x43A;&#x443;&#x43B;&#x44C;&#x448;&#x438;&#x43D;, &#x411;.&#x412;. &#x413;&#x43E;&#x440;&#x431;&#x443;&#x43D;&#x43E;&#x432; (&#x43E;&#x442;&#x432;. &#x440;&#x435;&#x434;.) &#x438; &#x434;&#x440;.$g&#x410;&#x432;&#x442;. &#x43F;&#x440;&#x435;&#x434;&#x438;&#x441;&#x43B;. &#x411;.&#x412;. &#x413;&#x43E;&#x440;&#x431;&#x443;&#x43D;&#x43E;&#x432;]$v&#x422;. 56</subfield>
    <subfield code="9">993028</subfield>
    <subfield code="c">&#x420;&#x44F;&#x437;&#x430;&#x43D;&#x44C;</subfield>
    <subfield code="d">2000</subfield>
    <subfield code="f">&#x420;&#x44F;&#x437;. &#x43E;&#x431;&#x43B;. &#x438;&#x43D;-&#x442; &#x440;&#x430;&#x437;&#x432;&#x438;&#x442;&#x438;&#x44F; &#x43E;&#x431;&#x440;&#x430;&#x437;&#x43E;&#x432;&#x430;&#x43D;&#x438;&#x44F;</subfield>
    <subfield code="n">&#x418;&#x437;&#x434;-&#x432;&#x43E; &#x420;&#x44F;&#x437;. &#x43E;&#x431;&#x43B;. &#x438;&#x43D;-&#x442;&#x430; &#x440;&#x430;&#x437;&#x432;&#x438;&#x442;&#x438;&#x44F; &#x43E;&#x431;&#x440;&#x430;&#x437;&#x43E;&#x432;&#x430;&#x43D;&#x438;&#x44F;</subfield>
    <subfield code="o">[&#x421;&#x431;. &#x43D;&#x430;&#x443;&#x447;. &#x440;&#x430;&#x431;&#x43E;&#x442;]</subfield>
    <subfield code="t">&#x41C;&#x430;&#x442;&#x435;&#x440;&#x438;&#x430;&#x43B;&#x44B; &#x438; &#x438;&#x441;&#x441;&#x43B;&#x435;&#x434;&#x43E;&#x432;&#x430;&#x43D;&#x438;&#x44F; &#x43F;&#x43E; &#x440;&#x44F;&#x437;&#x430;&#x43D;&#x441;&#x43A;&#x43E;&#x43C;&#x443; &#x43A;&#x440;&#x430;&#x435;&#x432;&#x435;&#x434;&#x435;&#x43D;&#x438;&#x44E;</subfield>
    <subfield code="v">&#x422;. 56</subfield>
  </datafield>
  <datafield tag="711" ind1="1" ind2="2">
    <subfield code="a">"&#x420;&#x44F;&#x437;&#x430;&#x43D;&#x441;&#x43A;&#x438;&#x439; &#x43A;&#x440;&#x430;&#x439;: &#x438;&#x441;&#x442;&#x43E;&#x440;&#x438;&#x44F;, &#x43B;&#x44E;&#x434;&#x438;, &#x441;&#x43E;&#x431;&#x44B;&#x442;&#x438;&#x44F;", &#x43E;&#x431;&#x43B;&#x430;&#x441;&#x442;&#x43D;&#x430;&#x44F; &#x43D;&#x430;&#x443;&#x447;&#x43D;&#x430;&#x44F; &#x43A;&#x43E;&#x43D;&#x444;&#x435;&#x440;&#x435;&#x43D;&#x446;&#x438;&#x44F;</subfield>
    <subfield code="d">19</subfield>
    <subfield code="f">2017</subfield>
    <subfield code="9">655408</subfield>
    <subfield code="3">RU\NLR\AUTH\880497797</subfield>
  </datafield>
  <datafield tag="711" ind1="1" ind2="2">
    <subfield code="a">&#x414;&#x43D;&#x438; &#x441;&#x43B;&#x430;&#x432;&#x44F;&#x43D;&#x441;&#x43A;&#x43E;&#x439; &#x43F;&#x438;&#x441;&#x44C;&#x43C;&#x435;&#x43D;&#x43D;&#x43E;&#x441;&#x442;&#x438; &#x438; &#x43A;&#x443;&#x43B;&#x44C;&#x442;&#x443;&#x440;&#x44B;</subfield>
    <subfield code="e">&#x420;&#x44F;&#x437;&#x430;&#x43D;&#x44C;</subfield>
    <subfield code="f">2017</subfield>
    <subfield code="9">655411</subfield>
    <subfield code="3">RU\NLR\AUTH\880497799</subfield>
  </datafield>
  <datafield tag="852" ind1=" " ind2=" ">
    <subfield code="a">NLR</subfield>
    <subfield code="j">2001-3/8847; 2007-8/444</subfield>
  </datafield>
  <datafield tag="942" ind1=" " ind2=" ">
    <subfield code="c">BOOK</subfield>
  </datafield>
  <datafield tag="980" ind1=" " ind2=" ">
    <subfield code="a">NB</subfield>
  </datafield>
  <datafield tag="995" ind1=" " ind2=" ">
    <subfield code="5">2019-03-13</subfield>
    <subfield code="a">ad</subfield>
    <subfield code="b">NLR01</subfield>
    <subfield code="c">NLR01</subfield>
    <subfield code="e">RF8</subfield>
    <subfield code="f">1-2639967</subfield>
    <subfield code="k">2001-3/8847</subfield>
    <subfield code="o">0</subfield>
    <subfield code="r">BOOK</subfield>
    <subfield code="s">200138847_</subfield>
  </datafield>
</record>
